Vývoj úverov v bankách na Slovensku bakalárska práca

Saved in:
Bibliographic Details
Main Author: Gromanová, Jana
Corporate Author: Podnikovohospodárska fakulta EU so sídlom v Košiciach. Katedra ekonómie
Other Authors: Hvastová, Jozefína, 1969-
Format: Book
Language:Slovak
Published: Košice 2020
Tags: Add Tag
No Tags, Be the first to tag this record!

MARC

LEADER 00000nbm a2200000 4500
001 0265466
005 20240827093329.6
041 0 |a slo 
044 |a SK 
245 1 0 |a Vývoj úverov v bankách na Slovensku  |b bakalárska práca  |c Jana Gromanová ; školiteľ: Jozefína Hvastová 
264 1 |a Košice  |c 2020 
300 |a 58 s. 
100 1 |a Gromanová, Jana 
700 1 |a Hvastová, Jozefína, 1969- 
710 2 |a Podnikovohospodárska fakulta EU so sídlom v Košiciach. Katedra ekonómie